Guo ji hua bei jing xia zhi shi chan quan de xing shi fa bao hu = Criminal law protection of intellectual property in the context of internationalization /
Saved in:
| Corporate Author: | |
|---|---|
| Other Authors: | |
| Format: | Book |
| Language: | Chinese English |
| Published: |
Beijing Shi :
Zhongguo ren min gong an da xue chu ban she,
2011.
|
| Edition: | Di 1 ban. |
| Series: | Jing shi guo ji xing shi fa wen ku ;
54. |
| Subjects: | |
| Tags: |
Add Tag
No Tags, Be the first to tag this record!
|
| LEADER | 02436cam a2200445Ia 4500 | ||
|---|---|---|---|
| 001 | 012999481-2 | ||
| 005 | 20121018104437.0 | ||
| 008 | 120812s2011 cc a b 100 0 chi d | ||
| 020 | |a 9787565304583 | ||
| 020 | |a 7565304581 | ||
| 035 | 0 | |a ocn805896395 | |
| 040 | |a HUA |b eng |c HUA |d OCLCQ |d MH-L | ||
| 041 | 0 | |a chi |a eng | |
| 050 | 4 | |a K1401.A6 |b D36 2009 | |
| 111 | 2 | |6 880-01 |a Dang dai xing fa guo ji lun tan |n (3rd : |d 2009 : |c Bangkok, Thailand) | |
| 245 | 1 | 0 | |6 880-02 |a Guo ji hua bei jing xia zhi shi chan quan de xing shi fa bao hu = |b Criminal law protection of intellectual property in the context of internationalization / |c zhu bian Zhao Bingzhi ; fu zhu bian Lu Jianping, Liu Zhiwei ; zhu bian zhu li Jiang Nuo, Guo Lirong. |
| 246 | 1 | |6 880-03 |i At head of title : |a Di 3 jie "Dang dai xing fa guo ji lun tan" lun wen ji = |b The 3rd international forum of contemporary criminal law working papers | |
| 246 | 3 | 1 | |a Criminal law protection of intellectual property in the context of internationalization |
| 246 | 3 | |a 3rd international forum of contemporary criminal law working papers | |
| 250 | |6 880-04 |a Di 1 ban. | ||
| 260 | |6 880-05 |a Beijing Shi : |b Zhongguo ren min gong an da xue chu ban she, |c 2011. | ||
| 300 | |a 2, 2, 3, 5, 519 p. : |b ill. ; |c 23 cm. | ||
| 490 | 1 | |6 880-06 |a Jing shi guo ji xing shi fa wen ku ; |v 54 | |
| 504 | |a Includes bibliographical references. | ||
| 546 | |a Chinese and English. | ||
| 650 | 0 | |a Intellectual property |v Congresses. | |
| 650 | 0 | |a Intellectual property infringement |v Congresses. | |
| 700 | 1 | |6 880-07 |a Zhao, Bingzhi. | |
| 880 | 2 | |6 111-01 |a 当代刑法国际论坛 |n (3rd : |d 2009 : |c Bangkok, Thailand) | |
| 880 | 1 | 0 | |6 245-02 |a 国际化背景下知识产权的刑事法保护 = |b Criminal law protection of intellectual property in the context of internationalization / |c 主编赵秉志 ; 副主编卢建平, 刘志伟 ; 主编助理蒋娜, 郭理蓉. |
| 880 | 1 | |6 246-03 |i At head of title : |a 第三屆"当代刑法国际论坛"论文集 = |b The 3rd international forum of contemporary criminal law working papers | |
| 880 | |6 250-04 |a 第1版. | ||
| 880 | |6 260-05 |a 北京市 : |b 中国人民公安大学出版社, |c 2011. | ||
| 880 | 1 | |6 490-06 |a 京师国际刑事法文库 ; |v 54 | |
| 880 | 1 | |6 700-07 |a 赵秉志. | |
| 830 | 0 | |6 880-08 |a Jing shi guo ji xing shi fa wen ku ; |v 54. | |
| 880 | 0 | |6 830-08 |a 京师国际刑事法文库 ; |v 54. | |
| 988 | |a 20111212 | ||
| 049 | |a HVLA | ||
| 906 | |0 MH | ||


